Logo na Ł - Statystyki

Ogólne statystyki
  • Ten quiz został rozwiązany 29 razy
  • Średni wynik to 3 z 5
Statystyki odpowiedzi
Obrazkowy Hint Odpowiedź % Poprawnych
Alkohol Łomża
100%
Dżemy Łowicz
100%
Klub sportowy Łódzki Klub Sportowy
93%
Siec badawcza Łukasiewicz
22%
Kolej Łódzka Kolej Aglomeracyjna
15%
Nie znaleziono quizów pasujących do podanych kryteriów
Rozkład punktacji
Procent ludzi z każdym wynikiem
Percentyl według liczby udzielonych odpowiedzi
Twoja historia wyników
Nie rozwiązałeś tego quizu